[Event "EICC 2017"]
[Site "Minsk"]
[Date "2017.05.31"]
[Round "2"]
[White "Zarubitski, Viachaslau"]
[Black "Parligras, Mircea-Emilian"]
[Result "1/2-1/2"]
[WhiteElo "2325"]
[BlackElo "2607"]
[Annotator "TA"]
[PlyCount "93"]
[EventDate "2017.??.??"]
[EventCountry "BLR"]
[SourceTitle "playchess.com"]
[Source "ChessBase"]
[SourceQuality "1"]

{[%evp 10,93,25,7,12,20,33,33,37,31,27,25,33,17,10,9,18,12,10,10,10,10,10,0,10,0,10,0,8,0,18,10,10,10,10,11,11,10,10,3,3,3,9,9,10,0,4,5,9,6,29,0,12,0,3,0,0,0,0,0,0,0,0,0,0,0,0,0,0,0,0,0,0,0,0,0,0,0,0,0,0,0,0,0,0,-86]} 1. e4 c6 2. Nf3 d5 3. Nc3 Bg4 4. h3 Bxf3 5. Qxf3 Nf6 6. Be2 e6 {B11: Caro-Kann: Two Knights Variation} 7. O-O dxe4 (7... Nbd7 8. d4 dxe4 9. Nxe4 Nxe4 10. Qxe4 Nf6 11. Qd3 Bd6 12. a4 Qe7 13. a5 a6 14. Rd1 Rd8 15. Qf3 h6 {1-0 (53) Vachier Lagrave,M (2803)-Agrest,E (2593) chess.com INT 2017}) 8. Nxe4 Be7 {White is slightly better.} 9. c3 Nbd7 {[%cal Bb8d7,Bd7f6,Bf6d5][%mdl 32]} 10. d4 O-O 11. Bf4 $146 ({Predecessor:} 11. Bd3 Nxe4 12. Qxe4 g6 13. Bf4 Nf6 14. Qe2 Nd5 15. Bd2 Bf6 {1-0 (102) Hovhannisyan,R (2522)-Paikidze,N (2376) Jermuk 2010}) 11... Nxe4 12. Qxe4 Nf6 13. Qc2 Nd5 14. Bh2 Bd6 15. Bxd6 Qxd6 16. Bf3 Rfd8 17. Rfe1 Rd7 18. Re5 Rad8 19. Rae1 (19. Bxd5 $5 cxd5 20. Qd2 $11) 19... Nf6 20. Qa4 a6 21. Qa5 Qb8 22. g3 Rd6 23. Kg2 Qc8 24. R5e2 Nd7 25. Qg5 b6 26. Qf4 Nf6 27. Re5 Nd5 (27... c5 {is more complex.} 28. dxc5 bxc5 29. b3 Qc7 30. Qe3 Nd7) 28. Bxd5 Rxd5 29. Rxd5 cxd5 $11 {[%mdl 4096] Endgame KQR-KQR} 30. Re3 b5 {The position is equal.} 31. h4 (31. Rf3 $5 {[%cal Rf4f7]} Qb7 32. a3 $11) 31... a5 32. a3 (32. Rf3 $5 {[%cal Rf4f7]} Qd7 33. a3 $11) 32... Qb8 33. Qg4 (33. Qg5 {is interesting.} Qd6 34. Rf3 Rc8 35. Qd2 Qd7 36. h5) 33... Qd6 34. h5 h6 35. f4 Qd7 36. Re5 b4 37. axb4 axb4 38. f5 exf5 $1 39. Qxf5 Qxf5 40. Rxf5 bxc3 41. bxc3 {KR-KR} Kf8 42. Re5 Rc8 43. Kf3 Rxc3+ 44. Kf4 g5+ 45. hxg6 fxg6 46. Rxd5 Ke7 47. Ke4 {Precision: White = 52%, Black = 74%.} (47. Re5+ $11 Kf6 48. Ra5) 1/2-1/2

[Event "EICC 2017"]
[Site "Minsk"]
[Date "2017.05.31"]
[Round "2"]
[White "Morozov, Vitalij"]
[Black "Jojua, Davit"]
[Result "0-1"]
[WhiteElo "2034"]
[BlackElo "2581"]
[Annotator "TA"]
[PlyCount "62"]
[EventDate "2017.??.??"]
[EventCountry "BLR"]
[SourceTitle "playchess.com"]
[Source "ChessBase"]
[SourceQuality "1"]

{[%evp 9,62,0,2,-6,0,0,9,-45,-42,-50,-42,-53,-43,-39,-50,-54,-46,-105,-105,-156,-154,-193,-177,-198,-117,-355,-325,-398,-388,-360,-364,-436,-439,-402,-407,-392,-404,-378,-380,-512,-453,-586,-559,-663,-656,-1260,-1085,-1172,-912,-1234,-1172,-1549,-1491,-2554,-2513]} 1. e4 c5 2. Nc3 a6 3. g3 b5 4. d3 (4. Bg2 Bb7 5. d3 e6 6. Nh3 b4 7. Ne2 d5 8. e5 Nc6 9. f4 Nh6 10. Nf2 Nf5 11. O-O Qb6 12. c3 Be7 13. g4 Nh4 14. Bh1 {0-1 (35) Yu,Y (2738)-Khismatullin,D (2639) Moscow 2017}) 4... Bb7 5. a4 $146 ({Predecessor:} 5. Bg2 d6 6. Nh3 g6 7. O-O Bg7 8. f4 Nc6 9. f5 Nf6 10. Nd5 Nxd5 11. exd5 Ne5 12. Ng5 Bf6 13. Ne4 {0-1 (58) Vokac,M (2451)-Grandelius,N (2366) Olomouc 2008}) 5... b4 $1 {[%cal Rb4c3]} 6. Nd5 {B23: Closed Sicilian: Lines without g3} e6 7. Ne3 d5 8. f3 (8. exd5 $11 Nf6 9. Bg2) 8... Nf6 $15 9. Nh3 Be7 10. Bg2 O-O 11. O-O Qc7 $36 {[%mdl 2048] Black has good play.} 12. Qe2 Nc6 13. Rd1 (13. b3 $15) 13... Rfd8 14. Bd2 ({White should try} 14. Qf2) 14... Nd4 15. Qf1 {[#]} c4 $1 {[%mdl 512]} 16. Be1 (16. dxc4 dxe4) 16... b3 ({Better is} 16... cxd3 $19 17. cxd3 Nb3) 17. dxc4 $2 (17. c3 $17 {is a better defense.} Nc2 18. Nxc2 bxc2 19. Rdc1) 17... Bc5 ({Weaker is} 17... Nxc2 18. Nxc2 bxc2 19. Rdc1 $19) 18. Kh1 dxe4 19. fxe4 bxc2 20. Rxd4 Bxd4 ({Don't play} 20... Rxd4 21. Nxc2 Rxe4 22. b4 $19) 21. Nxc2 Bxb2 22. Rb1 Be5 23. Nf2 Rab8 {[%cal Ba8b8,Bb8b7,Bb7b1][%mdl 32]} 24. Nb4 Bd4 {Black is clearly winning.} 25. Qe2 a5 26. Nc2 Bxf2 27. Rxb7 Rxb7 28. Bxf2 Rb1+ 29. Ne1 Qe5 30. Bf3 Qc3 {Strongly threatening ...Rd2.} 31. Kg2 Rd2 {Precision: White = 32%, Black = 83%.} 0-1

[Event "EICC 2017"]
[Site "Minsk"]
[Date "2017.05.31"]
[Round "2"]
[White "Siniauski, Artsiom"]
[Black "Antipov, Mikhail Al"]
[Result "0-1"]
[WhiteElo "1972"]
[BlackElo "2576"]
[Annotator "TA"]
[PlyCount "86"]
[EventDate "2017.??.??"]
[EventCountry "BLR"]
[SourceTitle "playchess.com"]
[Source "ChessBase"]
[SourceQuality "1"]

{[%evp 14,86,0,0,2,0,0,0,14,11,0,0,16,10,18,17,10,0,0,-18,0,0,0,0,0,-22,0,-27,-10,-11,14,14,11,17,29,14,28,26,24,13,4,0,0,-7,-12,-8,-8,-15,0,0,0,0,8,0,0,0,0,0,112,109,123,124,159,163,265,260,215,19,18,21,211,0,127,-29986,-29987]} 1. c4 e5 2. Nc3 Nf6 3. g3 d5 4. cxd5 Nxd5 5. Bg2 Nb6 6. Nf3 Nc6 7. d3 Be7 8. O-O Bg4 {A29: English Opening: Four Knights Variation with 4 g3} (8... O-O 9. a3 Re8 10. b4 a5 11. b5 Nd4 12. Rb1 Bf8 13. Nd2 a4 14. e3 Ne6 15. Nf3 Nc5 16. Nxe5 Rxe5 17. d4 Re8 18. dxc5 Qxd1 19. Rxd1 Bxc5 20. Bb2 Nc4 {½-½ (96) Nepomniachtchi,I (2749)-Vachier Lagrave,M (2796) Sharjah 2017}) 9. Be3 Qd7 10. Rc1 Rd8 {The position is equal.} 11. Ne4 O-O $146 ({Predecessor:} 11... Bxf3 12. Bxf3 Nd4 13. Bxd4 exd4 14. Nc5 Bxc5 15. Rxc5 c6 16. Re5+ {½-½ (48) Uryupin,I (2278)-Korensky,S (2248) Tambov 2012}) 12. Bc5 Bxf3 13. Bxf3 Nd4 14. Bxd4 exd4 15. Qc2 c6 16. Nc5 Bxc5 17. Qxc5 Rfe8 18. Rc2 Qc7 19. Qf5 Nd7 (19... Re5 $5 {[%cal Re5f5]} 20. Qf4 Nd5 $11) 20. Rfc1 Ne5 21. Bg2 Rd6 22. b4 Nd7 23. Qf4 Re5 24. h4 h6 25. a4 a6 26. Bf3 g5 27. hxg5 hxg5 28. Qg4 Qd8 29. Qh3 Kg7 30. Rc4 f5 {Strongly threatening ...g4.} 31. g4 $1 {[%cal Rg4f5]} Rh6 32. Qg2 $1 $36 {[%mdl 2048] White fights for an advantage.} Nf6 33. Rc5 Nd7 $1 {[%cal Rd7c5]} 34. Rxe5 Nxe5 35. gxf5 Kf8 (35... Kf6 $11) 36. b5 g4 37. Be4 $1 {aiming for bxa6.} ({Inferior is} 37. Bxg4 Qg5 $17) 37... axb5 38. axb5 Rh3 (38... Qd6 $142 39. Ra1 cxb5 40. Bxb7 Qc7) 39. bxc6 $18 bxc6 40. Rc5 $2 ({Better is} 40. Bxc6 $18 {Hoping for Bd5.} Qg5 41. Ra1) 40... Qd6 $1 $11 {[%cal Rd6c5]} 41. Ra5 Qb8 $2 (41... Qh6 $1 $11 42. Ra8+ (42. Rxe5 Qc1+ 43. Qf1 Qf4 $16) 42... Ke7) 42. Rc5 $2 (42. Ra1 $18) 42... Rh7 (42... Qd6 $11 {keeps the balance.} 43. Rc2 Rh5) 43. Ra5 $2 {[%mdl 8192] [#]} ({Don't blunder} 43. Bxc6 $2 Nf3+ $1 {[%mdl 512]} 44. Bxf3 gxf3 $19) (43. Rc1 $16) 43... Nf3+ $1 {Precision: White = 49%, Black = 48%.} 0-1

[Event "EICC 2017"]
[Site "Minsk"]
[Date "2017.05.31"]
[Round "2"]
[White "Runets, Ivan"]
[Black "Abasov, Nijat"]
[Result "0-1"]
[WhiteElo "1790"]
[BlackElo "2575"]
[Annotator "TA"]
[PlyCount "86"]
[EventDate "2017.??.??"]
[EventCountry "BLR"]
[SourceTitle "playchess.com"]
[Source "ChessBase"]
[SourceQuality "1"]

{[%evp 15,86,0,0,-20,0,-7,2,-25,0,-10,6,8,22,14,30,24,59,33,47,31,29,26,25,26,19,10,24,14,14,20,28,-35,-48,-39,-8,-10,0,0,0,0,4,-11,0,-3,7,0,0,0,0,-175,-178,-240,-241,-285,-289,-298,-264,-335,-335,-485,-488,-435,-430,-500,-500,-500,-500,-909,-551,-29991,-29992,-29992,-29993]} 1. d4 Nf6 2. Nf3 e6 3. Bf4 c5 4. c3 Nc6 5. e3 d5 6. Bd3 Bd6 7. Bg3 O-O 8. Nbd2 b6 9. O-O {D02: 1 d4 d5 2 Nf3 sidelines, including 2...Nf6 3 g3 and 2...Nf6 3 Bf4} (9. Ne5 $5 {[%cal Re5c6]} Bb7 10. O-O $11) 9... Bb7 10. Ne5 Ne7 (10... Qc7 11. f4 Ne7 12. Qb1 Qc8 13. Bh4 Nf5 14. Bxf5 exf5 15. Bxf6 gxf6 16. Nef3 Qe6 17. Re1 Ba6 18. Nh4 cxd4 19. exd4 {1-0 (28) Korobov,A (2692)-Dominguez Perez,L (2739) Doha 2016}) 11. Bh4 {The position is equal.} (11. Bf4 {is more complex.} Qc7 12. Qf3 h6 13. Rfe1 Rac8 14. Qh3) 11... Ng6 12. Nxg6 (12. Bxg6 {feels hotter.} fxg6 13. h3 Qc7 14. f4 Ba6 15. Re1) 12... fxg6 $146 (12... hxg6 {seems wilder.} 13. Nf3 c4 14. Bc2 b5 15. Bg3 Be7) ({Predecessor:} 12... hxg6 13. f4 Qc7 14. Qf3 Qc6 15. Qh3 Bc8 16. g4 Ne4 {½-½ (58) Vasli,A (2164)-Nilssen,J (2300) Ballerup 2016}) 13. f4 Rc8 14. Nf3 cxd4 (14... c4 $5 {[%cal Rc4d3]} 15. Bc2 b5 $11) 15. cxd4 Qe7 16. Qe2 Rc7 17. Rac1 Rfc8 18. Rxc7 Rxc7 19. Ne5 Qe8 20. Ng4 Ne4 21. Nf2 Qc8 22. Rd1 Kf7 23. Nxe4 (23. h3 $11) 23... dxe4 $15 24. Bb1 $1 Bd5 (24... Bb4 {is interesting.} 25. Qf2 Bd5 26. g4 a5 27. h3 a4) 25. Be1 Rc4 26. Bd2 a5 27. a3 Qc7 28. Qf1 Rc6 29. Rc1 Bc4 30. Qd1 Bd5 31. Rxc6 Qxc6 32. Bc3 $2 {[#]} (32. Kf2 $11) 32... Bxa3 $1 $19 {[%mdl 512]} 33. Qe1 (33. Bxa5 $142 Bxb2 34. Bd2) (33. bxa3 Qxc3) 33... Be7 34. g3 a4 35. Kg2 h6 36. Qd2 b5 {[%cal Bb6b5,Bb5b4][%mdl 32]} 37. Qc1 (37. Qc2 $142) 37... b4 38. Bd2 Qb5 39. Bc2 a3 40. bxa3 bxa3 {[#] Strongly threatening ...a2.} 41. Bc3 (41. Qf1 $142 Qc6 42. Bb1) 41... Bb4 42. Ba1 Qe2+ 43. Kh3 g5 {Precision: White = 32%, Black = 46%.} 0-1